Contemporáneos : 1928 : números 1-3, junio de 1928-agosto de 1928 /
Uloženo v:
| Další autoři: | |
|---|---|
| Médium: | Kniha |
| Jazyk: | španělština |
| Vydáno: |
México :
Fondo de Cultura Económica,
1981, c1981
|
| Edice: | (Revistas Literarias Mexicanas Modernas)
|
| Témata: | |
| Tagy: |
Žádné tagy, Buďte první, kdo vytvoří štítek k tomuto záznamu!
|
MARC
| LEADER | 00000nam^a2200000^a^4500 | ||
|---|---|---|---|
| 001 | 000154780 | ||
| 005 | 20251125000000.0 | ||
| 009 | 20260310100405.04 | ||
| 020 | |a 968-16-0654-X | ||
| 020 | |a 968-16-0653-1 | ||
| 037 | |a Acervo ITESO - Biblioteca | ||
| 041 | |a ESP | ||
| 082 | |a 805. |b REV CON 1928 V. 1-3 | ||
| 240 | 1 | 1 | |a [Revistas Literarias Mexicanas Modernas] |
| 240 | 1 | 1 | |a [Contemporáneos] |
| 245 | 0 | 0 | |a Contemporáneos : |b 1928 : números 1-3, junio de 1928-agosto de 1928 / |c Ed. de B.J. Gastélum... [et al.]. |
| 264 | 4 | |a México : |b Fondo de Cultura Económica, |c 1981, c1981 | |
| 300 | |a LXXXIV, 341 p. | ||
| 336 | |a texto |b txt |2 rdacontenido | ||
| 337 | |a sin mediación |b n |2 rdamedio | ||
| 338 | |a volumen |b nc |2 rdasoporte | ||
| 440 | 1 | |a (Revistas Literarias Mexicanas Modernas) | |
| 534 | |a Reproducción facsimilar de la edición original | ||
| 649 | |a XX | ||
| 650 | |a Literatura - |x Publicaciones Periódicas Mexicanas | ||
| 650 | |a Escritores Mexicanos | ||
| 650 | |a Monjas Mexicanas | ||
| 650 | |a Religiosos Mexicanos | ||
| 650 | |a Mujeres Mexicanas | ||
| 650 | |a Pintores Mexicanos | ||
| 650 | |a Pintores Italianos | ||
| 650 | |a Artistas Mexicanos | ||
| 650 | |a Artistas Italianos | ||
| 650 | |a Jefes de Estado Mexicanos | ||
| 650 | |a Políticos Mexicanos | ||
| 650 | |a Indígenas de México - |x Historia | ||
| 650 | |a Poesía Mexicana | ||
| 650 | |a Cuentos Mexicanos | ||
| 650 | |a Ensayos Mexicanos | ||
| 650 | |a Contemporáneos (Literatura Mexicana) | ||
| 650 | |a Literatura Barroca - |z México | ||
| 650 | |a Literatura Barroca - |x Historia y Crítica | ||
| 650 | |a Literatura de Mujeres - |x Historia y Crítica | ||
| 650 | |a Literatura Mexicana - |y Epoca Colonial, 1517-1821 | ||
| 650 | |a Literatura Mexicana - |y Siglo XX | ||
| 650 | |a Literatura Mexicana - |x Historia y Crítica | ||
| 650 | |a Ensayos Franceses | ||
| 650 | |a Literatura Francesa - |y Siglo XX | ||
| 650 | |a Nacionalismo en la Pintura - |z México | ||
| 650 | |a Nacionalismo en el Arte - |z México | ||
| 650 | |a Surrealismo - |x Historia y Crítica | ||
| 650 | |a Pintura Mural - |z México | ||
| 650 | |a Pintura Moderna - |x Historia y Crítica | ||
| 650 | |a Pintura Mexicana - |x Historia y Crítica | ||
| 650 | |a Pintura Italiana - |x Historia y Crítica | ||
| 650 | |a Arte Moderno - |x Historia y Crítica | ||
| 650 | |a Arte Mexicano - |x Historia y Crítica | ||
| 650 | |a Arte Italiano - |x Historia y Crítica | ||
| 650 | |a Asesinato Político - |z México - |x Historia | ||
| 650 | |a Política - |z México - |x Historia - |y Régimen Callista, 1924-1928 | ||
| 650 | |a Política - |z México - |x Historia - |y Siglo XX | ||
| 650 | |a México - |x Historia - |y Epoca Colonial, 1517-1821 | ||
| 650 | |a México - |x Historia - |y Régimen Callista, 1924-1928 | ||
| 650 | |a México - |x Historia - |y Siglo XX | ||
| 650 | |a Chirico, Giorgio de | ||
| 650 | |a Lazo, Agustín | ||
| 650 | |a Obregón, Alvaro | ||
| 650 | |a Rivera, Diego | ||
| 650 | |a Publicaciones Periódicas Mexicanas | ||
| 600 | |a Cruz, Juana Inés de la, |c Sor | ||
| 700 | |a Gastélum, Bernardo J. |e (edición) | ||
| 910 | |a Fondo General | ||
| 920 | |a Impresos - Libros | ||
| 930 | |a Colección General | ||
| 940 | |a Literatura | ||
| 905 | |a 101 | ||
| 901 | |a 0500086344 |b IT1 |c LIT |u 20250521 | ||
| 902 | |a https://opac.biblio.iteso.mx/vufind/Record/000154780 | ||